000 00528nam a2200205Ia 4500
003 OSt
005 20230511111542.0
008 210423s2007 xx 000 0 und d
020 _a8173715882
040 _cAL
041 _aeng
082 _a615.53
_223
_bREDK
100 _aREDDY (K Janardhan);others.
_9102643
245 _aAdvances in medicinal plants.
260 _aHyderabad
_bUniversities Press
_c2007
300 _axii,319
_bPB
365 _b475
_cINR
906 _aAdvances ; medicinal ; plants
942 _2ddc
_cBK
999 _c164159
_d164159